History in practice.

Saved in:
Bibliographic Details
Main Author: Jordanova, Ludmilla (Author)
Format: Unknown
Published: London, Great Britain, United Kingdom; New York, United States: Bloomsbury Academic, 2019.
Edition:Third Edition
Subjects:
Tags: Add Tag
No Tags, Be the first to tag this record!

MARC

LEADER 00000 a2200000 4500
003 CL-VaPUC
005 20241024105016.0
008 241015t2019 ||||| |||| 00| 0 eng d
999 |c 445124  |d 445122 
020 |a 978-1-7809-3331-3 
040 |c Pontificia Universidad Católica de Valparaíso 
082 |a 907 JOR 2019  |2 22 
100 |a Jordanova, Ludmilla  |9 892279  |e author 
245 |a History in practice. 
250 |a Third Edition  
260 |a London, Great Britain, United Kingdom;  |a New York, United States:  |b Bloomsbury Academic,  |c 2019. 
300 |a xvi, 346 páginas :  |b ilustraciones.  
583 |k Gabriela Rodríguez Cuevas  |c 20241015 
650 0 |9 307330  |a Enseñanza de la historia   |x Metodología 
650 0 |9 881620  |a Tecnologías de la información  |x Práctica de la Historia 
942 |2 ddc  |c BK 
952 |0 0  |1 0  |2 ddc  |4 0  |6 907_200000000000000_JOR_2019  |7 0  |8 A  |9 597347  |a BIBHIS  |b BIBHIS  |d 2024-10-14  |e 201  |g 28198.00  |i 5663029  |o 907.2 JOR 2019  |p 5663029  |r 2025-01-20  |t 1  |v 28198.00  |w 2024-10-14  |y BK  |k HIS